Az újszülött - kolosztrumot nem fogyasztott - borjúsavó termelés tapasztalatai

Elmentve itt :
Bibliográfiai részletek
Szerző: Malkócs Antal
További közreműködők: Szabó István (Témavezető)
Dokumentumtípus: Szakdolgozat
Megjelent: 1987
Kulcsszavak:Borjúnevelés
Kolosztrumitatás
Állategészségügy
Tárgyszavak:
Online Access:http://diploma.bibl.u-szeged.hu/99218
LEADER 00859nta a2200265 i 4500
001 dipl99218
005 20220224140043.0
008 220222s1987 hu om 0|| zxx d
040 |a SZTE Diploma Repozitórium  |b hun 
041 |a zxx 
100 1 |a Malkócs Antal 
245 1 3 |a Az újszülött - kolosztrumot nem fogyasztott - borjúsavó termelés tapasztalatai  |h [elektronikus dokumentum] /  |c Antal Malkócs 
260 |c 1987 
300 |a 33 
650 4 |a Agrár 
650 4 |a Agricultural sciences 
650 4 |a Animal and Dairy science 
650 4 |a Animal and dairy science 
650 4 |a Zootechnics 
650 4 |a Bovidae 
695 |a Borjúnevelés 
695 |a Kolosztrumitatás 
695 |a Állategészségügy 
700 1 |a Szabó István  |e ths 
856 4 0 |u http://diploma.bibl.u-szeged.hu/id/eprint/99218/1/1987_malkocs_antal.pdf  |z Dokumentum-elérés